| 000 -LEADER |
| fixed length control field |
00657cam a2200193 a 4500 |
| 020 ## - INTERNATIONAL STANDARD BOOK NUMBER |
| ISBN |
9291440299 |
| 040 ## - CATALOGING SOURCE |
| Transcribing agency |
DLC |
| 082 ## - DEWEY DECIMAL CLASSIFICATION NUMBER |
| Classification number |
169 ADH 1998 C074 Or. |
| 100 1# - MAIN ENTRY--AUTHOR NAME |
| Personal name |
Adhikari, Ambika P. |
| 245 10 - TITLE STATEMENT |
| Title |
Urban & environmental planning in Nepal : |
| Remainder of title |
analysis, policies, and proposals / |
| 246 18 - VARYING FORM OF TITLE |
| Title proper/short title |
Urban and environmental planning in Nepal |
| 260 ## - PUBLICATION, DISTRIBUTION, ETC. (IMPRINT) |
| Place of publication |
[Kathmandu] : |
| Name of publisher |
IUCN-The World Conservation Union, |
| Year of publication |
1998. |
| 300 ## - PHYSICAL DESCRIPTION |
| Number of Pages |
vii, 132 p. : |
| Other physical details |
ill. ; |
| Dimensions |
25 cm. |
| 650 #0 - SUBJECT ADDED ENTRY--TOPICAL TERM |
| Topical Term |
City planning |
| 650 #0 - SUBJECT ADDED ENTRY--TOPICAL TERM |
| Topical Term |
City planning |
| 650 #0 - SUBJECT ADDED ENTRY--TOPICAL TERM |
| Topical Term |
Environmental protection |
| 710 2# - ADDED ENTRY--CORPORATE NAME |
| Corporate name or jurisdiction name as entry element |
International Union for Conservation of Nature and Natural Resources. |
| 942 ## - ADDED ENTRY ELEMENTS (KOHA) |
| Koha item type |
ADB |
| 952 ## - LOCATION AND ITEM INFORMATION (KOHA) |
| Withdrawn status [LOCAL, KOHA] |
0 |